000 01127nam a2200277Ia 4500
003 CO-BoRNBP
005 20230707135006.0
007 ta
008 160601s2001 ck g 000 0 spa
020 _a9588061504
040 _aCO-BoRNBP
_bspa
_erda
_cCO-BoRNBP
084 _aC HAB1
245 1 0 _aHabrá una vez
_bantología de cuento joven norteamericano
_cselección, traducción y prólogo Juan Fernando Merino
250 _a1a. edición
264 _aBogotá
_bAlfaguara
_c2001
300 _a535 páginas
_c24 cm
336 _atexto
_btxt
_2rdacontent
337 _asin mediación
_bn
_2rdamedia
338 _avolumen
_bnc
_2rdacarrier
650 1 4 _2LEMB
_aCuentos estadounidenses
_92727
650 1 4 _2LEMB
_aLiteratura estadounidense
_9762
650 1 4 _2LEMB
_aNavidad en la literatura
_92382
700 _aMerino, Juan Fernando
_etraductor
_92728
740 _aLa punta;\\
_aEl amor no es pera en dulce;\\
_aIncursión nocturna;\\
_aBrownsville;\\
_aUna cuestión temporal;\\
_aFrenillo;\\
_aEl bar de nuestra desdicha reciente;\\
_aTerapia;\\
_aNada;\\
_aEntre la piscina y las gardenias;\\
_aEn la costa de l
942 _cBKLIT
999 _c4341
_d4341